Lettres intimes (Record no. 91294)

MARC details
000 -LEADER
campo de control de longitud fija 00614nam a2200169 i 4500
001 - NÚMERO DE CONTROL
campo de control 91294
003 - IDENTIFICADOR DE NÚMERO DE CONTROL
campo de control ES-MaACL
005 - FECHA Y HORA DE LA ÚLTIMA TRANSACCIÓN
campo de control 20230906180703.0
007 - CAMPO FIJO DE DESCRIPCIÓN FÍSICA--INFORMACIÓN GENERAL
campo de control de longitud fija t|
008 - DATOS DE LONGITUD FIJA--INFORMACIÓN GENERAL
campo de control de longitud fija 050128s1924 fr ||||1| fre d
100 0# - ENTRADA PRINCIPAL--NOMBRE DE PERSONA
Nombre de persona Le Preste de Vauban, Sébastien
Títulos y otros términos asociados al nombre Maréchal de France.
9 (RLIN) 70915
245 10 - MENCIÓN DEL TÍTULO
Título Lettres intimes
Resto del título : (inedites) : adressées au Marquis de Puyzienslse (1699-1705) /
Mención de responsabilidad, etc. Sebastien Le Preste ; introduction de Hyrooise de Loudosle.
260 ## - PUBLICACIÓN, DISTRIBUCIÓN, ETC.
Lugar de publicación, distribución, etc. [S.l. :
Nombre del editor, distribuidor, etc. s.n.,
Fecha de publicación, distribución, etc. 1924] (
Lugar de fabricación/manufactura Abbeville :
Fabricante J. Paillart)
300 ## - DESCRIPCIÓN FÍSICA
Extensión 140 p. ;
Dimensiones 19 cm.
700 1# - ENTRADA AGREGADA--NOMBRE PERSONAL
Nombre de persona Loudosle, Hyrooise de.
9 (RLIN) 74315
852 ## - LOCALIZACIÓN
Ubicación ES-MaACL
Número de control de estantería F-4727
Holdings
Estatus retirado Estado de pérdida Estado de daño No para préstamo Biblioteca de origen Biblioteca actual Ubicación en estantería Fecha de adquisición Fuente de adquisición Total de préstamos Signatura topográfica completa Código de barras Visto por última vez Precio de reemplazo Tipo de ítem Koha
        Biblioteca del Ateneo de Madrid Biblioteca del Ateneo de Madrid Depósito 2 17/01/2008     F-4727 1095315 23/02/2023 23/02/2023 Libro impreso